The Extraordinary in the Ordinary (Record no. 1219)
[ view plain ]
| 000 -CABECERA | |
|---|---|
| campo de control de longitud fija | 01192nam a2200253 a 4500 |
| 001 - NÚMERO DE CONTROL | |
| campo de control | BRCA_1357 |
| 005 - FECHA Y HORA DE LA ÚLTIMA TRANSACCIÓN | |
| campo de control | 20190320203405.0 |
| 008 - DATOS DE LONGITUD FIJA--INFORMACIÓN GENERAL | |
| campo de control de longitud fija | 980109s1998 nyua---##b---#001-0#eng-# |
| 020 ## - NÚMERO INTERNACIONAL ESTÁNDAR DEL LIBRO | |
| Número Internacional Estándar del Libro | 0810913968 |
| 050 #4 - SIGNATURA TOPOGRÁFICA DE LA BIBLIOTECA DEL CONGRESO | |
| Número de clasificación | NK535.C6 |
| Número de documento/Ítem | .E98 1998 |
| 245 10 - MENCIÓN DE TÍTULO | |
| Título | The Extraordinary in the Ordinary |
| Resto del título | Textiles and Objects from the Collections of Lloyd Cotsen and the Neutrogena Corporation : works in Cloth, Ceramic, Wood, Metal, Straw, and Paper from Cultures throughout the World |
| Mención de responsabilidad, etc. | edited by Mary Hunt Kahlenberg ; photography by Pat Pollard. |
| 260 ## - PUBLICACIÓN, DISTRIBUCIÓN, ETC. | |
| Lugar de publicación, distribución, etc. | Nueva York |
| Nombre del editor, distribuidor, etc. | Harry Abrams: Museum of International Folk Art, Museum of New Mexico |
| Fecha de publicación, distribución, etc. | 1998. |
| 300 ## - DESCRIPCIÓN FÍSICA | |
| Extensión | 280 p. |
| Otras características físicas | il. a color |
| Dimensiones | 31 cm. |
| 500 ## - NOTA GENERAL | |
| Nota general | Incluye índice de ilustraciones |
| 504 ## - NOTA DE BIBLIOGRAFÍA, ETC. | |
| Nota de bibliografía, etc. | Bibliografía: p. [268]-272. |
| 600 14 - PUNTO DE ACCESO ADICIONAL DE MATERIA--NOMBRE DE PERSONA | |
| Nombre de persona | Cotsen, Lloyd E. |
| Subdivisión general | Colecciones de arte |
| 9 (RLIN) | 4436 |
| 610 24 - PUNTO DE ACCESO ADICIONAL DE MATERIA--NOMBRE DE ENTIDAD CORPORATIVA | |
| Nombre de entidad corporativa o nombre de jurisdicción como elemento de entrada | Neutrogena Corporation |
| Subdivisión general | Colecciones de arte |
| 9 (RLIN) | 4437 |
| 610 24 - PUNTO DE ACCESO ADICIONAL DE MATERIA--NOMBRE DE ENTIDAD CORPORATIVA | |
| Nombre de entidad corporativa o nombre de jurisdicción como elemento de entrada | Museum of International Folk Art (N.M.) |
| Subdivisión de forma | Exposiciones |
| 9 (RLIN) | 4438 |
| 650 14 - PUNTO DE ACCESO ADICIONAL DE MATERIA--TÉRMINO DE MATERIA | |
| Término de materia o nombre geográfico como elemento de entrada | Artes decorativas |
| Subdivisión general | Exposiciones. |
| 9 (RLIN) | 4439 |
| 650 14 - PUNTO DE ACCESO ADICIONAL DE MATERIA--TÉRMINO DE MATERIA | |
| Término de materia o nombre geográfico como elemento de entrada | Artes decorativas |
| Subdivisión general | Colecciones privadas |
| Subdivisión geográfica | Nuevo México |
| 9 (RLIN) | 4440 |
| 700 1# - PUNTO DE ACCESO ADICIONAL--NOMBRE DE PERSONA | |
| Nombre de persona | Kahlenberg, Mary Hunt |
| 9 (RLIN) | 4441 |
| 700 1# - PUNTO DE ACCESO ADICIONAL--NOMBRE DE PERSONA | |
| Nombre de persona | Pollard, Pat |
| 9 (RLIN) | 4442 |
| 942 ## - ELEMENTOS DE PUNTO DE ACCESO ADICIONAL (KOHA) | |
| Fuente del sistema de clasificación o colocación | Library of Congress Classification |
| Tipo de ítem Koha | Libros |
| Estado de retiro | Estado de pérdida | Estado dañado | No para préstamo | Localización permanente | Ubicación/localización actual | Fecha de adquisición | Total de préstamos | Signatura topográfica completa | Código de barras | Fecha visto por última vez | Precio válido a partir de | Tipo de ítem Koha |
|---|---|---|---|---|---|---|---|---|---|---|---|---|
| El ejemplar forma parte de la colección y puede ser consultado según las políticas vigentes. | Biblioteca del Museo Franz Mayer (Rogerio Casas-Alatriste) | Biblioteca del Museo Franz Mayer (Rogerio Casas-Alatriste) | 26/06/2008 | NK535.C6 .E98 1998 | 01880 | 22/03/2019 | 22/03/2019 | Libros |